000 00314 a2200109 4500
001 ART_51128
005 20260410161810.0
008 260409a
245 1 0 _aEl hilo de Ariadna
100 1 _aTruffat, Edgardo Daniel
773 0 _tDoctrina Societaria y Concursal
_g- N° 392 (jul. 2020)
_wREV4298
999 _c21368
_d21368